000 00257nam a22001097a 4500
008 170116b xxu||||| |||| 00| 0 eng d
020 _a9780801631993
041 _aeng
080 _218TH
_a618.2
245 _aPHARMACOLOGY IN NURSING
_cMCKENRY
942 _2udc
_cBK
999 _c2916
_d2916